000 00630nam a2200217Ia 4500
005 20241216011021.0
008 190212s9999||||xx |||||||||||||| ||und||
082 _a628.161
_bS52
100 _aSIERRA CARMONA, JORGE HUMBERTO
245 0 _aANALISIS DE AGUAS Y AGUAS RESIDUALES
250 _a0
260 _aMEDILLIN-COLOMBIA
_bUNIV. DE ANTIOQUIA
_c1983
300 _a463 pag
_c27.5 cm
341 _h80.68
490 _v0
_a0
505 _aFISICO-METALICO-INORGANICO/ANALISIS-ORGANICOS
541 _aC
_bSAN CRISTOBAL S.A.
_d19-Aug-98
_oSoles
650 _aCIENCIAS APLICADAS
856 _zCiencias Aplicadas
942 _cLIBRO
999 _c30365
_d30365